Most Popular Girl Twin Baby Names (2010) Quiz Stats

 Plays Quiz not verified by Sporcle

Also try: MD Things
Challenge
Share
Tweet
Embed
Score 0/100 Timer 10:00
0 Plays Today
% Correct
Emma
91.5%
Emma
91.5%
Emma
91.5%
Emma
91.5%
Emma
91.5%
Emma
91.5%
Emma
91.5%
Emma
91.5%
Emily
88.4%
Emily
88.4%
Madison
87.8%
Madison
87.8%
Madison
87.8%
Madison
87.8%
Madison
87.8%
Olivia
87.5%
Olivia
87.5%
Olivia
87.5%
Olivia
87.5%
Olivia
87.5%
Olivia
87.5%
Olivia
87.5%
Olivia
87.5%
Isabella
87.2%
Isabella
87.2%
Isabella
87.2%
Isabella
87.2%
Isabella
87.2%
Isabella
87.2%
Isabella
87.2%
Ava
86.3%
Ava
86.3%
Ava
86.3%
Ava
86.3%
% Correct
Sophia
86.3%
Sophia
86.3%
Ava
86.3%
Sophia
86.3%
Sophia
86.3%
Elizabeth
83.2%
Elizabeth
83.2%
Elizabeth
83.2%
Ella
81.1%
Ella
81.1%
Ella
81.1%
Anna
80.2%
Addison
77.1%
Addison
77.1%
Abigail
76.8%
Abigail
76.8%
Abigail
76.8%
Abigail
76.8%
Abigail
76.8%
Grace
75.9%
Hannah
75%
Hannah
75%
Zoe
73.8%
Mia
73.5%
Mia
73.5%
Mia
73.5%
Mia
73.5%
Chloe
72.9%
Chloe
72.9%
Faith
70.1%
Faith
70.1%
Hope
69.5%
Sophie
68.6%
Gabriella
65.5%
% Correct
Natalie
63.4%
Samantha
60.4%
Kayla
59.8%
Victoria
59.8%
Hailey
58.2%
Avery
58.2%
Julia
56.4%
Morgan
53.7%
Mackenzie
53%
Brianna
51.2%
Lillian
50.6%
Nevaeh
47.9%
Makayla
47.6%
Megan
46.6%
Heaven
43.6%
Kylie
41.8%
Arianna
41.2%
Jade
40.5%
Paige
38.7%
Claire
37.5%
Jada
36.3%
Mya
36.3%
Valeria
35.1%
London
34.8%
Paris
33.5%
Trinity
32%
Makenzie
27.1%
Makenzie
27.1%
Payton
26.2%
Serenity
25.9%
Valentina
22.3%
Anabella
9.5%

You're not logged in!

Compare scores with friends on all Sporcle quizzes.
Join for Free
OR
Log In

You Might Also Like...

Show Comments

Extras

Top Quizzes Today


Score Distribution

Your Account Isn't Verified!

In order to create a playlist on Sporcle, you need to verify the email address you used during registration. Go to your Sporcle Settings to finish the process.

Report this User

Report this user for behavior that violates our Community Guidelines.

Details: